<?xml version="1.0" encoding="UTF-8"?>
<record
    xmlns:xsi="http://www.w3.org/2001/XMLSchema-instance"
    xsi:schemaLocation="http://www.loc.gov/MARC21/slim http://www.loc.gov/standards/marcxml/schema/MARC21slim.xsd"
    xmlns="http://www.loc.gov/MARC21/slim">

  <leader>00911na  a2200253   4500</leader>
  <controlfield tag="001">23773</controlfield>
  <controlfield tag="003">MIRAKIL</controlfield>
  <controlfield tag="005">20181213155317.0</controlfield>
  <controlfield tag="008">180102b        tu            000 0      </controlfield>
  <datafield tag="040" ind1=" " ind2=" ">
    <subfield code="a">Milas</subfield>
    <subfield code="b">tur</subfield>
    <subfield code="c">TR-AnCHP</subfield>
  </datafield>
  <datafield tag="041" ind1=" " ind2=" ">
    <subfield code="a">tur</subfield>
  </datafield>
  <datafield tag="082" ind1=" " ind2=" ">
    <subfield code="a">327.430561</subfield>
    <subfield code="b">P29a [2013]</subfield>
  </datafield>
  <datafield tag="090" ind1=" " ind2=" ">
    <subfield code="a">327.430561 P29a [2013]</subfield>
  </datafield>
  <datafield tag="100" ind1=" " ind2=" ">
    <subfield code="a">Pazarkaya, Y&#xFC;ksel</subfield>
  </datafield>
  <datafield tag="245" ind1=" " ind2=" ">
    <subfield code="a">Ajan x</subfield>
    <subfield code="b">&#x130;kinci d&#xFC;nya sava&#x15F;&#x131;nda Hitler Almanyas&#x131;'n&#x131;n T&#xFC;rkiye politikas&#x131;</subfield>
    <subfield code="c">Y&#xFC;ksel Pazarkaya</subfield>
  </datafield>
  <datafield tag="246" ind1=" " ind2=" ">
    <subfield code="a">&#x130;kinci d&#xFC;nya sava&#x15F;&#x131;nda Hitler Almanyas&#x131;'n&#x131;n T&#xFC;rkiye politikas&#x131;</subfield>
  </datafield>
  <datafield tag="260" ind1=" " ind2=" ">
    <subfield code="a">&#x130;stanbul</subfield>
    <subfield code="b">T&#xFC;yap</subfield>
    <subfield code="c">[2013]</subfield>
    <subfield code="f">Mata&#x15F; matbaac&#x131;l&#x131;k</subfield>
  </datafield>
  <datafield tag="300" ind1=" " ind2=" ">
    <subfield code="a">200 s.</subfield>
    <subfield code="b">fot&#x11F;.</subfield>
    <subfield code="c">23 sm.</subfield>
  </datafield>
  <datafield tag="504" ind1=" " ind2=" ">
    <subfield code="a">Kaynak&#xE7;a var.</subfield>
  </datafield>
  <datafield tag="600" ind1=" " ind2=" ">
    <subfield code="a">Hitler, Adolf</subfield>
    <subfield code="x">T&#xFC;rkiye politikas&#x131;</subfield>
  </datafield>
  <datafield tag="651" ind1=" " ind2=" ">
    <subfield code="a">Almanya</subfield>
    <subfield code="x">Uluslararas&#x131; ili&#x15F;kiler</subfield>
    <subfield code="z">T&#xFC;rkiye, 1941</subfield>
  </datafield>
  <datafield tag="740" ind1=" " ind2=" ">
    <subfield code="a">&#x130;kinci d&#xFC;nya sava&#x15F;&#x131;nda Hitler Almanyas&#x131;'n&#x131;n T&#xFC;rkiye politikas&#x131;</subfield>
  </datafield>
  <datafield tag="942" ind1=" " ind2=" ">
    <subfield code="2">dcc</subfield>
    <subfield code="c">BKS</subfield>
  </datafield>
  <datafield tag="952" ind1=" " ind2=" ">
    <subfield code="a">0001</subfield>
    <subfield code="b">0001</subfield>
    <subfield code="d">2017-12-25</subfield>
    <subfield code="e">2</subfield>
    <subfield code="l">0</subfield>
    <subfield code="o">327.430561 P29a [2013]</subfield>
    <subfield code="p">017754</subfield>
    <subfield code="r">2017-12-25 00:00:00</subfield>
    <subfield code="v">0.00</subfield>
    <subfield code="w">2017-12-25</subfield>
    <subfield code="y">BKS</subfield>
  </datafield>
  <datafield tag="999" ind1=" " ind2=" ">
    <subfield code="c">10349</subfield>
    <subfield code="d">10349</subfield>
  </datafield>
</record>
